| 000 | 01065cam a22002897a 4500 | ||
|---|---|---|---|
| 999 |
_c34959 _d34959 |
||
| 001 | 13030548 | ||
| 003 | OSt | ||
| 005 | 20200131113634.0 | ||
| 008 | 021213s2002 maua b 001 0 eng d | ||
| 010 | _a 2002726803 | ||
| 020 | _a 9780141184944 | ||
| 040 |
_aOCO _cOCO _dTXI _dDLC |
||
| 042 | _alccopycat | ||
| 050 | 0 | 0 |
_aQH545.P4 _bC38 2002 |
| 082 | 0 | 0 |
_a363.7384 _221 _bCAR/S |
| 100 | 1 |
_aCarson, Rachel, _d1907-1964 _91697 |
|
| 245 | 1 | 0 |
_aSilent spring / _cRachel Carson ; introduction by Lord Shackleton ; Preface by Julian Huxley,F.R.S ; with a new afterword by Linda Lear. |
| 260 |
_aEngland : _bPenguin, _c2002. |
||
| 300 |
_a323 p. : _bill. ; _c21 cm. |
||
| 650 | 0 |
_aPesticides _xEnvironmental aspects. |
|
| 650 | 0 |
_aPesticides _xToxicology. |
|
| 650 | 0 | _aPesticides and wildlife. | |
| 650 | 0 |
_aInsect pests _xBiological control. |
|
| 856 | 4 | 1 | _3Sample text |
| 942 |
_2ddc _cBK _h363.7584 _iCAR/S _k363.7584 _mCAR/S |
||